000 01245pam a2200313 a 4500
001 2488595
003 ARRUPE
005 20211008094231.0
008 911008s1992 ilu b 000 0 eng
010 _a 91038851
020 _a0226725693 (pbk. : alk. paper)
040 _aDLC
_cDLC
_dDLC
050 0 0 _aB840
_b.L528 1992
082 0 0 _a149/.94
_220
245 0 4 _aThe Linguistic turn :
_bessays in philosophical method /
_cedited by Richard M. Rorty ; with two retrospective essays.
260 _aChicago :
_bUniversity of Chicago Press,
_c1992.
300 _a407 p. ;
_c23 cm.
504 _aIncludes bibliographical references (p. 375-407).
650 0 _aSemantics (Philosophy)
650 0 _aLanguage and languages
_xPhilosophy.
650 0 _aAnalysis (Philosophy)
650 0 _aMethodology.
_95753
700 1 _aRorty, Richard.
_97698
856 4 2 _3Publisher description
_uhttp://www.loc.gov/catdir/description/uchi051/91038851.html
856 4 1 _3Table of contents only
_uhttp://www.loc.gov/catdir/enhancements/fy0629/91038851-t.html
906 _a7
_bcbc
_corignew
_d1
_eocip
_f19
_gy-gencatlg
942 _2lcc
_cMONOGRAPH
999 _c130724
_d130724